Gaming Quiz

Random Gaming Quiz

Starting Poker Hands Quiz Stats

 Plays Quiz not verified by Sporcle

Also try: Monopoly (U.K.)
Challenge
Share
Tweet
Embed
Score 0/32 Timer 05:00
0 Plays Today
Nickname Starting Hand % Correct
Pocket RocketsAA
82.7%
Royal CoupleKQ
77%
Snowmen88
76.7%
CowboysKK
72.7%
BlackjackAJ
71.8%
Jackson FiveJ5
70.6%
Ducks22
66.4%
HooksJJ
65.5%
Speed Limit55
65.2%
Big SlickAK
65.2%
Sailboats44
62.4%
Jack Sh*tJ2
60.6%
DimesTT
58.2%
Crabs33
53.9%
Heinz75
48.8%
Doyle BrunsonT2
47.9%
Nickname Starting Hand % Correct
Big ChickAQ
42.4%
Dead Man's HandA8
42.4%
Cherries66
41.2%
Dolly Parton95
37.9%
Mullets77
36.1%
Computer HandQ7
28.8%
Sigfried & RoyQQ
28.2%
SplitT7
22.7%
Truckers' HandT4
21.5%
FidoK9
21.2%
San Francisco BusboyQ3
18.8%
Dinner For Two96
13.3%
The Answer42
13%
Starsky & HutchKJ
9.1%
Tina TurnerQT
5.2%
Most Feared Hand in Hold'em83
4.8%

You're not logged in!

Compare scores with friends on all Sporcle quizzes.
Join for Free
OR
Log In

You Might Also Like...

Show Comments

Extras

Created Aug 26, 2010SourceReportNominate
Tags:poker

Top Quizzes Today


Score Distribution

Your Account Isn't Verified!

In order to create a playlist on Sporcle, you need to verify the email address you used during registration. Go to your Sporcle Settings to finish the process.

Report this User

Report this user for behavior that violates our Community Guidelines.

Details: